[Event "High League 2022 men"]
[Site "Obninsk"]
[Date "2022.07.05"]
[Round "9.21"]
[White "Abrekov, Mussa"]
[Black "Shakirov, Marat"]
[Result "1/2-1/2"]
[LiveChessVersion "1.4.7"]
[BlackElo "2290"]
[WhiteElo "2133"]

1. c4 {[%clk 1:30:54]} e6 2. d4 {[%clk 1:31:07]} d5 {[%clk 1:31:21]} 3. Nc3
{[%clk 1:31:31]} c6 {[%clk 1:31:45]} 4. e3 {[%clk 1:31:45]} f5 {[%clk 1:31:58]}
5. Bd3 {[%clk 1:31:57]} Nf6 {[%clk 1:32:18]} 6. Nge2 {[%clk 1:32:17]} Bd6
{[%clk 1:32:30]} 7. f3 {[%clk 1:32:40]} O-O {[%clk 1:32:53]} 8. c5
{[%clk 1:30:47]} Bc7 {[%clk 1:32:59]} 9. Qc2 {[%clk 1:31:01]} Nbd7
{[%clk 1:28:46]} 10. O-O {[%clk 1:30:18]} b6 {[%clk 1:28:00]} 11. b4
{[%clk 1:30:33]} a5 {[%clk 1:27:06]} 12. cxb6 {[%clk 1:30:49]} Bxb6
{[%clk 1:25:31]} 13. Na4 {[%clk 1:28:05]} Ba6 {[%clk 1:14:58]} 14. Bxa6
{[%clk 1:26:10]} Rxa6 {[%clk 1:15:24]} 15. Qxc6 {[%clk 1:24:06]} Re8
{[%clk 1:11:28]} 16. bxa5 {[%clk 1:17:03]} Rxa5 {[%clk 1:07:21]} 17. Bd2
{[%clk 1:16:38]} Qa8 {[%clk 1:07:01]} 18. Qxa8 {[%clk 1:16:47]} Raxa8
{[%clk 1:07:29]} 19. Nxb6 {[%clk 1:14:21]} Nxb6 {[%clk 1:07:55]} 20. Rfb1
{[%clk 1:10:39]} Nc4 {[%clk 1:08:16]} 21. Bc1 {[%clk 1:10:52]} Ra7
{[%clk 1:07:27]} 22. a4 {[%clk 1:10:22]} Rea8 {[%clk 1:07:48]} 23. Rb4
{[%clk 1:09:11]} Nd7 {[%clk 1:04:02]} 24. e4 {[%clk 1:08:47]} fxe4
{[%clk 1:01:47]} 25. fxe4 Nb8 {[%clk 0:58:30]} 26. exd5 {[%clk 1:05:25]} exd5
{[%clk 0:58:53]} 27. Rb5 {[%clk 1:04:29]} Nc6 {[%clk 0:57:54]} 28. Rxd5
{[%clk 1:04:31]} Rxa4 {[%clk 0:58:06]} 29. Rxa4 {[%clk 1:04:50]} Rxa4
{[%clk 0:58:35]} 30. Rc5 {[%clk 1:04:24]} Ne7 {[%clk 0:58:25]} 31. Bg5
{[%clk 1:03:13]} Kf8 {[%clk 0:56:02]} 32. Kf2 {[%clk 1:01:54]} Nd6
{[%clk 0:56:16]} 33. Bxe7+ {[%clk 1:00:48]} Kxe7 {[%clk 0:56:45]} 34. Rc7+
{[%clk 0:59:32]} Kf6 {[%clk 0:57:04]} 35. Ke3 {[%clk 0:56:59]} Nf5+
{[%clk 0:52:35]} 36. Ke4 {[%clk 0:53:58]} Ra2 {[%clk 0:49:43]} 37. Nf4
{[%clk 0:47:10]} Nd6+ {[%clk 0:49:45]} 38. Kd3 {[%clk 0:39:46]} Ra3+
{[%clk 0:49:54]} 39. Rc3 {[%clk 0:39:50]} Rxc3+ {[%clk 0:49:02]} 40. Kxc3
{[%clk 1:10:18]} Kf5 {[%clk 1:19:28]} 41. Nh5 {[%clk 1:06:20]} Ke4
{[%clk 1:19:04]} 42. Nxg7 {[%clk 1:03:32]} Nb5+ {[%clk 1:19:31]} 43. Kc4
{[%clk 1:03:26]} Nxd4 {[%clk 1:19:56]} 44. Nh5 {[%clk 1:03:22]} Nc2
{[%clk 1:19:58]} 45. Nf6+ {[%clk 0:59:04]} Kf5 {[%clk 1:20:20]} 46. Nxh7
{[%clk 0:58:38]} Ne3+ {[%clk 1:20:44]} 47. Kd3 {[%clk 0:58:56]} Nxg2
{[%clk 1:21:09]} 48. Ke2 {[%clk 0:59:06]} Kg4 {[%clk 1:21:31]} 49. Kf2
{[%clk 0:59:29]} Kh3 {[%clk 1:21:50]} 50. Kg1 {[%clk 0:59:30]} Nh4
{[%clk 1:22:13]} 1/2-1/2